| 000 | 00887nam a2200193 a 4500 | ||
|---|---|---|---|
| 008 | 071025s1999 ||||||||||||||||| || u | ||
| 020 | _a0821345990 | ||
| 050 | _aIBRD(02) | ||
| 110 | _aThe Environmental Department | ||
| 245 | 1 | 0 |
_aFuel for thought: an environmental strategy for the energy sector _cPrepared jointly by the Environment Department, the Energy, mining, and Telecommunications Dept. and the International Finance Corporation |
| 260 |
_aWashington, D. C. _bWorld Bank _c1999 |
||
| 300 | _axvi, 118p.: ill. | ||
| 350 | _a0.00 | ||
| 650 | _aENERGY CONSUMPTION--ENVIRONMENTAL ASPECTS | ||
| 650 | _aENERGY | ||
| 650 | _aRenewable energy sources - India | ||
| 650 | _aENERGY INDUSTRIES--ENVIRONMENTAL ASPECTS | ||
| 995 |
_D0.00 _FCBU-MAIN LIBRARY (Kitwe) _H1 _I0.00 _M1 _UAVAILABLE _WOct 25, 2007 _ZInternational Publications |
||
| 999 |
_c44079 _d44079 |
||